Punjab district gazetteers: Faridkot (Record no. 488067)

000 -LEADER
fixed length control field 00376cam a22001217a 4500
008 - FIXED-LENGTH DATA ELEMENTS--GENERAL INFORMATION
fixed length control field 180718b2000 xxu||||| |||| 00| 0 eng d
082 ## - DEWEY DECIMAL CLASSIFICATION NUMBER
Classification number A75 P969F
245 ## - TITLE STATEMENT
Title Punjab district gazetteers: Faridkot
Statement of responsibility, etc. edited by Jagmohan Singh
260 ## - PUBLICATION, DISTRIBUTION, ETC.
Place of publication, distribution, etc. Chandigarh
Name of publisher, distributor, etc. Revenue and Rehabilitation Department
Date of publication, distribution, etc. 2000
300 ## - PHYSICAL DESCRIPTION
Extent 610+p.
650 ## - SUBJECT ADDED ENTRY--TOPICAL TERM
Topical term or geographic name entry element Faridkot - Gazetteers
700 ## - ADDED ENTRY--PERSONAL NAME
Personal name Singh, Mohan
Holdings
Withdrawn status Lost status Damaged status Not for loan Permanent Location Current Location Date acquired Full call number Barcode Date last seen Price effective from Koha item type
        Indian Institute of Public Administration Indian Institute of Public Administration 2018-08-04 A75 P969F G20363 2018-08-04 2018-08-04 G

Powered by Koha